| 000 | 01532nam0a2200361 4500 | ||
|---|---|---|---|
| 001 | RU\NLR\BIBL_A\012889803 | ||
| 005 | 20221026150010.0 | ||
| 010 |
_a978-5-17-144611-6 _95000 |
||
| 021 |
_aRU _bКН-П-22-048974 _9КН-П-22-4245 |
||
| 035 | _a(NLR Aleph) 012889803 | ||
| 090 |
_a12547345 _c12547345 |
||
| 100 | _a20220916d2022 c y0rusy50 ca | ||
| 101 | 1 |
_arus _cfre |
|
| 102 | _aRU | ||
| 105 | _aa z 000ay | ||
| 181 | 0 |
_ai3 _baxxe |
|
| 181 | 0 |
_ab2 _bxb2e |
|
| 182 | 0 | _an | |
| 200 | 1 |
_aМаленький принц _e[сказочная повесть _eдля среднего школьного возраста] _fАнтуан де Сент-Экзюпери _gперевод с французского Норы Галь _gрисунки автора |
|
| 203 |
_aТекст _bвизуальные _cнепосредственные _aИзображение |
||
| 210 |
_aМосква _cАСТ _d2022 |
||
| 215 |
_a92, [3] с. _cил., цв. ил. _d20 |
||
| 225 | 1 | _aДетское чтение | |
| 300 | _aПроизведение печатается без сокр. | ||
| 333 | _a6+ | ||
| 686 | 0 | _aШ9(4Фр)62-4 | |
| 700 | 1 |
_7ca _8rus _aСент-Экзюпери _bА. де _f1900-1944 _gАнтуан де _9117280 _3RU\NLR\AUTH\777344 |
|
| 702 | 1 |
_4440 _7ca _8rus _aСент-Экзюпери _bА. де _f1900-1944 _gАнтуан де _9117280 _3RU\NLR\AUTH\777344 |
|
| 942 | _cBOOK | ||
| 980 | _aNB | ||